000 01558cam a22003011i 4500
003 SA-RiAUC
005 20251022081303.0
008 251008s1984 gw g f000 0 ara c
040 _aSA-JeALM
_bara
_cSA-RiAUC
_erda
050 4 _b.I37 1984
082 0 4 _a910.3
_qSA-RiAUC
090 _aخ 910.3
_bا د ر
100 1 _aالإدريسي، محمد بن محمد بن عبد الله،
_d493-560 هجري
_eمؤلف.
245 1 0 _aأنس المهج وروض الفرج /
_cالإدريسي أبي عبد الله محمد بن محمد بن عبد الله بن إدريس ؛ مقدمة فؤاد سزكين.
264 1 _aفرانكفورت، ألمانيا :
_bمعهد تاريخ العلوم العربية والإسلامية،
_c1984
300 _a326 + 244 صفحة ؛
_bإيضاحات ؛
_c24 سم.
336 _aنص
_btxt
_2rdacontent
_3كتاب
337 _aبدون وسيط
_bn
_2rdamedia
338 _aمجلد
_bnc
_2rdacarrier
490 1 _aسلسلة عيون التراث ؛
_v7
562 _aطبع بالتصوير عن مخطوطتي حكيم أوغلي 688 وحسن حسني 1289، مكتبة السليمانية في إستانبول.
650 7 _aتقاويم البلدان
_2aucsh
650 7 _aالجغرافيا
_2aucsh
700 1 _aسزكين، فؤاد،
_d1924-2018
_eمقدم.
830 0 _aسلسلة عيون التراث / معهد تاريخ العلوم العربية والإسلامية (فرانكفورت، ألمانيا)
_v7
942 _2ddc
_cMANUSCRIPT
_n0
949 _aSA-JeALM
_d251008
_uosman123
_n1
999 _c12702
_d12702